000 01392cam a2200445 a 4500
001 ocn495598210
003 OCoLC
005 20150408113918.0
008 091217s2010 enka 001 0 eng
015 _aGBB001798
_2bnb
015 _aGBB001797
_2bnb
016 7 _a015455059
_2Uk
016 7 _a015455058
_2Uk
020 _a9780230208018 (pbk.)
020 _a0230208010 (pbk.)
020 _a0230208002 (hbk.)
020 _a9780230208001 (hbk.)
035 _a(OCoLC)495598210
_z(OCoLC)430839418
040 _aUKM
_cUKM
_dYDXCP
_dDEBBG
_dBTCTA
_dBWK
_dC#P
_dBWX
050 4 _aPE124
_b.K85 2010
082 0 4 _a420.18
_221
_bK K I
084 _aHF 100
_2rvk
091 _a420.9
100 1 _aKuiper, Koenraad.
_94001
245 1 3 _aAn introduction to English language :
_bword, sound and sentence /
_cKoenraad Kuiper and W. Scott Allan.
250 _a3rd ed.
260 _aBasingstoke ;
_aNew York :
_bPalgrave Macmillan,
_c2010.
300 _axxii, 364 p. :
_bill. ;
_c26 cm.
500 _aPrevious ed.: 2004.
500 _aIncludes index.
650 0 _aEnglish language.
650 0 _aEnglish language
_vProblems, exercises, etc.
650 0 _aEnglish language
_vTextbooks for foreign speakers.
_94002
650 0 _aLinguistics.
_93419
700 1 _aAllan, W. Scott,
_d1958-
_94003
901 _aBTCLS101119C
908 4 _aPE124
942 _2ddc
_cDVD
945 _a.o13060685
999 _c14259
_d248759